Ekonomický a sociálny prínos z predlžujúcej sa dĺžky dožitia z pohľadu občana, rodiny a spoločnosti diplomová práca

Gespeichert in:
Bibliographische Detailangaben
1. Verfasser: Vicenová, Veronika
Körperschaft: Národohospodárska fakulta EU. Katedra sociálneho rozvoja a práce
Weitere Verfasser: Sika, Peter, 1975-
Format: Buch
Sprache:Slowakisch
Veröffentlicht: Bratislava 2024
Tags: Tag hinzufügen
Keine Tags, Fügen Sie das erste Tag hinzu!

MARC

LEADER 00000nbm a2200000 4500
001 0300791
005 20250610144217.0
041 0 |a slo 
044 |a SK 
245 1 0 |a Ekonomický a sociálny prínos z predlžujúcej sa dĺžky dožitia z pohľadu občana, rodiny a spoločnosti  |b diplomová práca  |c Veronika Vicenová ; školiteľ: Peter Sika 
264 1 |a Bratislava  |c 2024 
300 |a 77 s. 
100 1 |a Vicenová, Veronika 
700 1 |a Sika, Peter, 1975- 
710 2 |a Národohospodárska fakulta EU. Katedra sociálneho rozvoja a práce